00443nam a2200109Ia 4500008004100000100002100041245011700062260003300179300001700212650001900229856008500248160712s9999 xx 000 0 und d aLopez, Ariel C.  cAriel C. LopezaHerman Paul. (2011). Hayden White: The Historical Imagination. Cambridge: Polity Press [204 pp.] c2011bSocial Science Diliman avol. 7 no. 2 xSOCIAL SCIENCE uhttp://journals.upd.edu.ph/index.php/socialsciencediliman/issue/view/309/showToc